000 00488nam a22001577a 4500
020 _a8189175211
082 _aM 294.592 1
_bDAY/D.1
100 _aDayananda Saraswathi
_991616
245 _aDayananda sahitya sakalayam Part I :
_bsathyartha prakasam/
_cby Dayananda Saraswathi
260 _aChengannur:
_bNarendrabhooshan Smaraka Prathishtapanam,
_c2014.
300 _a874p.
650 _aVedic Literature
_991617
650 _aHinduism
_991618
650 _aReligion
_991619
942 _cBK
999 _c139722
_d139722